书目信息 |
| 题名: |
彩虹收纳法
|
|
| 作者: | 希勒 , 特普林 著 ;陈晓宇 译 | |
| 分册: | ||
| 出版信息: | 北京 中信出版集团股份有限公司 2024.01 |
|
| 页数: | 251页, [5] 页图版 | |
| 开本: | 26cm | |
| 丛书名: | ||
| 单 册: | ||
| 中图分类: | TS976.3 | |
| 科图分类: | ||
| 主题词: | 家庭生活--jia ting sheng huo | |
| 电子资源: | ||
| ISBN: | 978-7-5217-5742-2 | |
| 000 | 01586nam0 2200277 450 | |
| 001 | 89962 | |
| 005 | 20250815091120.21 | |
| 010 | @a978-7-5217-5742-2@dCNY88.00 | |
| 100 | @a20240321d2024 em y0chiy50 ea | |
| 101 | 1 | @achi@ceng |
| 102 | @aCN@b110000 | |
| 105 | @aaf z 000yy | |
| 106 | @ar | |
| 200 | 1 | @a彩虹收纳法@Acai hong shou na fa@d= The home edit life@fClea Shearer, Joanna Teplin@f(美) 克莉·希勒, 乔安娜·特普林著@g陈晓宇译@zeng |
| 210 | @a北京@c中信出版集团股份有限公司@d2024.01 | |
| 215 | @a251页, [5] 页图版@c彩图@d26cm | |
| 314 | @a克莉·希勒, 乔安娜·特普林, 网飞节目《超级家居整理的秘诀》(Get Organized with TheHome Edit) 的明星整理师, 拥有超过700万关注者。共同创立了“超级家居整理”机构, 希望将传统的整理与室内设计融为一体,为客户提供线上咨询、线下整理服务, 她们的客户遍及美国。 | |
| 330 | @a收纳的关键在于拥抱你的生活 —— 不管你是一个忙碌的妈妈、总在出差的“空中飞人”、还是拥有超多单身独居或者全家同住, 对你来说最重要的是建立一个适合你的收纳系统。本书作者克莉和乔安娜希望通过这本书告诉大家如何过上自己喜欢的生活, 不会因为自己拥有很多心爱的物品而倍感压力。她们想让你知道, 需要整理的不仅限于食品柜、橱柜和房间, 还包括你的爱好、旅行, 甚至手机软件。你可以把这本书看作收纳全方位的解决方案, 它能帮你改变生活的混乱、收纳你拥有的所有物品。 | |
| 500 | 10 | @aHome edit life@mChinese |
| 606 | 0 | @a家庭生活@Ajia ting sheng huo |
| 690 | @aTS976.3@v5 | |
| 701 | 1 | @a希勒@Axi le@g(Shearer, Clea)@4著 |
| 701 | 1 | @a特普林@Ate pu lin@g(Teplin, Joanna)@4著 |
| 702 | 0 | @a陈晓宇@Achen xiao yu@4译 |
| 801 | 0 | @aCN@c20250909 |
| 905 | @a河南城建学院图书馆@dTS976.3@eX121@f1 | |
| 彩虹收纳法= The home edit life/Clea Shearer, Joanna Teplin/(美) 克莉·希勒, 乔安娜·特普林著/陈晓宇译.-北京:中信出版集团股份有限公司,2024.01 |
| 251页, [5] 页图版:彩图;26cm |
| ISBN 978-7-5217-5742-2:CNY88.00 |
| 收纳的关键在于拥抱你的生活 —— 不管你是一个忙碌的妈妈、总在出差的“空中飞人”、还是拥有超多单身独居或者全家同住, 对你来说最重要的是建立一个适合你的收纳系统。本书作者克莉和乔安娜希望通过这本书告诉大家如何过上自己喜欢的生活, 不会因为自己拥有很多心爱的物品而倍感压力。她们想让你知道, 需要整理的不仅限于食品柜、橱柜和房间, 还包括你的爱好、旅行, 甚至手机软件。你可以把这本书看作收纳全方位的解决方案, 它能帮你改变生活的混乱、收纳你拥有的所有物品。 |
| ● |
| 相关链接 |
|
|
|
正题名:彩虹收纳法
索取号:TS976.3/X121
 
预约/预借
| 序号 | 登录号 | 条形码 | 馆藏地/架位号 | 状态 | 备注 |
| 1 | 1623924 | 216239247 | 自科库501/501自科库 46排6列3层/ [索取号:TS976.3/X121] | 在馆 |